Spojité metódy v poistnej matematike

Salvato in:
Dettagli Bibliografici
Autore principale: Bilíková, Mária, 1951-
Ente Autore: Ekonomická univerzita v Bratislave. Fakulta hospodárskej informatiky
Natura: Libro
Lingua:slovacco
Pubblicazione: Bratislava Vydavateľstvo EKONÓM 2003
Soggetti:
Tags: Aggiungi Tag
Nessun Tag, puoi essere il primo ad aggiungerne!!

MARC

LEADER 00000nam a2200000 4500
001 c143018
005 20221108125018.3
020 |a 80-225-1698-8 
041 0 |a slo 
044 |a SK 
245 1 0 |a Spojité metódy v poistnej matematike  |c Mária Bilíková 
264 1 |a Bratislava  |b Vydavateľstvo EKONÓM  |c 2003 
300 |a 92 s. 
610 2 0 |a matematika poistná 
610 2 0 |a úmrtnosť 
610 2 0 |a zákony 
610 2 0 |a poistenie 
610 2 0 |a poistenie dôchodkové 
610 2 0 |a poistenie životné 
610 2 0 |a kapitál 
610 2 0 |a plnenie poistné 
610 2 0 |a splátky 
610 2 0 |a rezervy 
100 1 |a Bilíková, Mária, 1951- 
710 2 |a Ekonomická univerzita v Bratislave. Fakulta hospodárskej informatiky